000 00586nam a2200193 a 4500
001 19973
003 CO-ViMGA
008 141112s2004 ck r 000 u spa d
020 _a9589180701
040 _aCO-ViMGA
_bspa
_cCO-ViMGA
082 _a Co 863.6 N456o
100 1 _aNiño, Hugo
_99781
245 1 0 _aLa orilla del medio
260 _aColombia :
_bTrilce editores,
_c1997
300 _a82 p.
590 _aForma de adquisición : donación Adriana Yepes - - Precio :
650 1 4 _aCUENTOS COLOMBIANOS
_931
942 _2ddc
_cBK
_hFr Co863.6 N456o
999 _c10453
_d10453